Anne Hathaway Movies Quiz Stats

 Plays Quiz Updated Dec 31, 2020

     
Support Sporcle.
Go Orange.
Score 0/33 Timer 07:00
0 Plays Today
Year Movie % Correct
2001The Princess Diaries
90.4%
2004The Princess Diaries 2: Royal Engagement
82%
2012The Dark Knight Rises
71.6%
2008Get Smart
71.1%
2010Alice in Wonderland
69.6%
2016Alice Through the Looking Glass
69.3%
2020The Witches
66.4%
2006The Devil Wears Prada
64.3%
2018Ocean's 8
59.5%
2004Ella Enchanted
59.5%
2010Love and Other Drugs
43.7%
2012Les Misérables
42.4%
2015The Intern
42.4%
2007Becoming Jane
37.5%
2005Brokeback Mountain
36.4%
2008Rachel Getting Married
35.7%
2019The Hustle
33.6%
Year Movie % Correct
2009Bride Wars
33.2%
2014Rio 2
33.1%
2014Interstellar
32.3%
2011One Day
26.4%
2019Serenity
24%
2011Rio
19.4%
2016Colossal
19.4%
2010Valentine's Day
18.7%
2019Dark Waters
18.5%
2005Havoc
18.1%
2020The Last Thing He Wanted
16.8%
2005Hoodwinked!
15.7%
2014Song One
12.8%
2008Passengers
10.1%
2002Nicholas Nickleby
9.9%
2001The Other Side of Heaven
8.6%

From the Vault

Attack of the Vegetables!

by RobPro

We've always been a little suspicious of vegetables, but now we're certain of their villainy.
Remove Ads.
Support Sporcle.
Get the best of Sporcle when you Go Orange. This ad-free experience offers more features, more stats, and more fun while also helping to support Sporcle. Thank you for becoming a member.

Show Comments

Extras

Top Quizzes Today


Score Distribution

Your Account Isn't Verified!

In order to create a playlist on Sporcle, you need to verify the email address you used during registration. Go to your Sporcle Settings to finish the process.

Report this User

Report this user for behavior that violates our Community Guidelines.

Details: